000 00696nam a2200241Ia 4500
005 20260121112717.0
008 8183 260114s9999 xx 000 0 eng d
020 _a9789812567741
037 _aEBOOK
040 _aCRL
_beng
_cCRL
041 _aeng
_2eng
084 _qCRL
100 _aYalcin Mustak E Et Al
_9961989
245 0 _aCellular Neural Networks, Multi-Scroll Chaos and Synchronization
260 _bWorld Scientific
260 _bWSPC
260 _c2005
650 _aNonlinear Science, Chaos & Dynamical Systems
_9961990
856 _uhttps://www.worldscientific.com/worldscibooks/10.1142/5753#t=toc
942 _cEBOOK
999 _c1545483
_d1545483